Independent countries of the USSR - Statistics

General Stats
  • This quiz has been taken 19 times
  • The average score is 12 of 15
Answer Stats
Geographic location Answer % Correct
borders the Baltic Sea and Gulf of Finland Estonia
94%
in the mountainous Caucasus region Armenia
88%
is bounded by the Caspian Sea and Caucasus Mountains Azerbaijan
88%
is a landlocked country in Eastern Europe Belarus
88%
at the intersection of Europe and Asia Georgia
88%
is a country in the Baltic region of Europe Lithuania
88%
extends from the Caspian Sea in the west to the Altai Mountains at its eastern border Kazakhstan
81%
is a country on the Baltic Sea Latvia
81%
is a transcontinental country Russia
81%
an Eastern European country Moldova
75%
is a country in Central Asia Tajikistan
75%
is a country in Central Asia bordered by the Caspian Sea and largely covered by the Karakum Desert Turkmenistan
75%
is a large country in Eastern Europe known for its Orthodox churches, Black Sea coastline and forested mountains Ukraine
75%
is a Central Asian nation Uzbekistan
75%
is a landlocked country in Central Asia Kyrgyzstan
63%
No matching quizzes found
Score Distribution
Percent of People with Each Score
Percentile by Number Answered
Your Score History
You have not taken this quiz